Italian Car Brands Quiz Stats

 Plays Quiz Updated Jan 19, 2015

Support Sporcle.
Go Orange.
Score 0/8 Timer 01:00
3 Plays Today
% Correct
Ferrari
94.8%
Lamborghini
94.4%
Maserati
91.2%
Alfa Romeo
89.8%
Fiat
88.1%
Pagani
72.2%
Lancia
68.7%
Abarth
50.5%

You're not logged in!

Compare scores with friends on all Sporcle quizzes.
OR
Log In

From the Vault

Asian 'G' Countries

by Ubbiebubbie

Good golly, these 'G' countries are great!
Remove Ads.
Support Sporcle.
Get the best of Sporcle when you Go Orange. This ad-free experience offers more features, more stats, and more fun while also helping to support Sporcle. Thank you for becoming a member.

Show Comments

Extras

Top Quizzes Today


Score Distribution

Your Account Isn't Verified!

In order to create a playlist on Sporcle, you need to verify the email address you used during registration. Go to your Sporcle Settings to finish the process.

Report this User

Report this user for behavior that violates our Community Guidelines.

Details: